Geography Quiz

Random Geography or City Quiz

Missouri Cities Quiz Stats

 Plays Quiz Updated Apr 9, 2018

Score 0/20 Timer 06:00
1 Play Today
Rank City % Correct
2St. Louis
93.8%
1Kansas City
91.9%
15Jefferson City
73.9%
3Springfield
66.8%
4Columbia
60.3%
5Independence
49.4%
12Joplin
46.9%
8St. Joseph
41.1%
9St. Charles
39.4%
16Cape Girardeau
32.2%
Rank City % Correct
6Lee's Summit
27.4%
14Chesterfield
24.9%
7O'Fallon
23.9%
11Blue Springs
22.5%
10St. Peters
20.1%
13Florissant
18.6%
20Liberty
18.2%
17Wentzville
16.3%
19University City
13.2%
18Wildwood
10.9%

You're not logged in!

Compare scores with friends on all Sporcle quizzes.
OR
Log In

Sporcle TV

Today on Sporcle TV


Watch our educational content, quiz creation guides, and fun videos on Sporcle TV.

Show Comments

Extras

Top Quizzes Today


Score Distribution

Your Account Isn't Verified!

In order to create a playlist on Sporcle, you need to verify the email address you used during registration. Go to your Sporcle Settings to finish the process.

Report this User

Report this user for behavior that violates our Community Guidelines.

Details: